El dios que baila / (Registro nro. 3389)

Detalles MARC
000 -CABECERA
campo de control de longitud fija 00829nam a2200253 a 4500
001 - NÚMERO DE CONTROL
campo de control ES-MaREB00407807-8
003 - IDENTIFICADOR DEL NÚMERO DE CONTROL
campo de control AR-RoIUNI
005 - FECHA Y HORA DE LA ÚLTIMA TRANSACCIÓN
campo de control 20210315103151.0
007 - CAMPO FIJO DE DESCRIPCIÓN FÍSICA--INFORMACIÓN GENERAL
campo de control de longitud fija ta
008 - DATOS DE LONGITUD FIJA--INFORMACIÓN GENERAL
campo de control de longitud fija 020226s2000 ar r 000 0 spa d
020 ## - NÚMERO INTERNACIONAL ESTÁNDAR DEL LIBRO
Número Internacional Estándar del Libro 950126517X
040 ## - FUENTE DE LA CATALOGACIÓN
Centro catalogador/agencia de origen BR-VA
Centro/agencia transcriptor AR-RoIUNI
080 ## - NÚMERO DE LA CLASIFICACIÓN DECIMAL UNIVERSAL
Número de la Clasificación Decimal Universal 165.72
100 1# - ENTRADA PRINCIPAL--NOMBRE DE PERSONA
Nombre de persona Cacciari, Massimo.
9 (RLIN) 16
245 13 - MENCIÓN DE TÍTULO
Título El dios que baila /
Mención de responsabilidad, etc. Massimo Cacciari.
260 ## - PUBLICACIÓN, DISTRIBUCIÓN, ETC. (PIE DE IMPRENTA)
Lugar de publicación, distribución, etc. Buenos Aires :
Nombre del editor, distribuidor, etc. Paidós,
Fecha de publicación, distribución, etc. [2000].
300 ## - DESCRIPCIÓN FÍSICA
Extensión 166 p. ;
Dimensiones 21 cm.
490 0# - MENCIÓN DE SERIE
Mención de serie Espacios del saber ;
Designación de volumen o secuencia 17
505 0# - NOTA DE CONTENIDO CON FORMATO
Nota de contenido con formato 1. El hacer del canto -- 2. El espejo de Platón -- 3. Narciso, o de la pintura -- 4. El dios que baila -- 5. Los mensajeros silenciosos. De la relación Schopenhauer-Wagner -- 6. De Hegel a Duchamp.
650 #4 - PUNTO DE ACCESO ADICIONAL DE MATERIA--TÉRMINO DE MATERIA
Término de materia o nombre geográfico como elemento inicial PSICOLOGÍA
9 (RLIN) 108
650 #4 - PUNTO DE ACCESO ADICIONAL DE MATERIA--TÉRMINO DE MATERIA
Término de materia o nombre geográfico como elemento inicial FILOSOFÍA
9 (RLIN) 77
650 #4 - PUNTO DE ACCESO ADICIONAL DE MATERIA--TÉRMINO DE MATERIA
Término de materia o nombre geográfico como elemento inicial ARTE
942 ## - ELEMENTOS DE PUNTO DE ACCESO ADICIONAL (KOHA)
Fuente del sistema de clasificación o colocación Clasificación Decimal Universal
Tipo de ítem Koha Libros
Existencias
Estado de retiro Estado de pérdida Fuente del sistema de clasificación o colocación Estado dañado Excepción de préstamo Código de colección Localización permanente Ubicación/localización actual Ubicación en estantería Fecha de adquisición Fuente de adquisición Número de inventario Total de préstamos Signatura topográfica completa Código de barras Fecha visto por última vez Número de copia Precio válido a partir de Tipo de ítem Koha Nota pública
    Clasificación Decimal Universal     Psicología BIBLIOTECA RIOBAMBA BIBLIOTECA RIOBAMBA BIBLIOTECA RIOBAMBA 22/08/2016 Compra 3486   165.72 CAC 3486 12/10/2016 1 12/10/2016 Libros Donación Pablo Zöpke